000 00890nam a2200241 a 4500
001 000021984
005 20250717131055.0
008 100915s1982 xxu 000 0 spa d
020 _a0311114458
040 _aDO-SdBNP
_bspa
_cBNPHU
082 _a268.432
_bP317m
100 1 _aPatterson, Paulina de.
_945569
245 1 0 _aMejor enseñanza bíblica para maestros de niños de 4 y 5 años /
_cPaulina de Patterson y Ruth Domínguez H. ; revisión y adaptación Carol de Martínez.
260 _aEstados Unidos de América :
_bCasa Bautista de Publicaciones,
_c1982.
300 _a96 p. :
_bil. ;
_c18 cm.
650 4 _aEducación cristiana de niños
_945570
650 4 _aEducación cristiana
_911641
650 0 _aEducación religiosa
_9682
650 4 _aTeología
_xEnseñanza
_945571
700 1 _aDomínguez H., Ruth.
_945572
700 1 _aMartínez, Carol de.
_945573
049 _aBNGR
999 _c21482
_d21482